000 00638nam a2200241 i 4500
001 C2-0137550
003 PPAK
005 20180727124244.0
008 971214s1980 my |||| ||||| | may d
040 _aPPAK
_beng
_cPPAK
_erda
082 0 4 _a899.233
_223
090 0 0 _a899.233
_bSHA
_dKIH
090 0 0 _a899.233
_bSHA
_dKK
100 0 _aShahnon Ahmad,
_eauthor
245 1 0 _aMenteri
264 1 _aPetaling Jaya, Selangor :
_bPustaka Budaya ,
_c1980
300 _aix, 95 pages ;
_c21 cm
336 _2rdacontent
_atext
337 _2rdamedia
_aunmediated
338 _2rdacarrier
_avolume
650 1 0 _aMalay fiction.
942 _ddc
_cB
999 _c42970
_d42970